Statistics for 2021 NFL Pro Bowl Predictions

Click here to take the quiz!

General Stats

  • This quiz has been taken 1,591 times
    (1,549 since last reset)
  • The average score is 72 of 118

Answer Stats

TeamPos.Player% Correct
BALQBLamar JacksonAFC
99%
KCQBPatrick MahomesAFC
99%
HOUQBDeshaun WatsonAFC
97%
SEAQBRussell WilsonNFC
97%
GBQBAaron RodgersNFC
96%
DALQBDak PrescottNFC
94%
NOQBDrew BreesNFC
94%
TENRBDerrick HenryAFC
93%
CHIFSEddie JacksonNFC
92%
ATLWRJulio JonesNFC
92%
KCDTChris JonesAFC
91%
CLERBNick ChubbAFC
91%
MIACBByron JonesAFC
90%
ARIOLBChandler JonesNFC
90%
LACTEHunter HenryAFC
90%
KCWRTyreek HillAFC
90%
MINRBDalvin CookNFC
89%
NYGRBSaquon BarkleyNFC
89%
DALRBEzekiel ElliottNFC
88%
KCTETravis KelceAFC
88%
LVRBJosh JacobsAFC
87%
BUFWRStefon DiggsAFC
87%
DENOLBBradley ChubbAFC
86%
GBWRDavante AdamsNFC
86%
ARIWRDeAndre HopkinsNFC
86%
NOTEJared CookNFC
86%
CINRBJoe MixonAFC
86%
NOWRMichael ThomasNFC
86%
TBWRMike EvansNFC
86%
SEASSJamal AdamsNFC
85%
PHICJason KelceNFC
85%
SFTEGeorge KittleNFC
84%
LACWRKeenan AllenAFC
84%
CLEWROdell Beckham Jr.AFC
84%
DALWRAmari CooperNFC
83%
CARRBChristian McCaffreyNFC
83%
NEQBCam NewtonAFC
82%
CLEWRJarvis LandryAFC
81%
BALTEMark AndrewsAFC
81%
LVTEDarren WallerAFC
77%
PHITEZach ErtzNFC
77%
HOUDEJ.J. WattAFC
76%
PITOLBT.J. WattAFC
75%
SFDENick BosaNFC
73%
LACDEJoey BosaAFC
72%
CLEDEMyles GarrettAFC
72%
MIAWRDeVante ParkerAFC
69%
MINSSHarrison SmithNFC
68%
GBOLBPreston SmithNFC
68%
DALOTTyron SmithNFC
68%
GBOLBZa'Darius SmithNFC
68%
LARDTAaron DonaldNFC
67%
BALKJustin TuckerAFC
65%
BUFCBTre'Davious WhiteAFC
65%
ATLCAlex MackNFC
64%
LARCBJalen RamseyNFC
64%
CHIOLBKhalil MackNFC
64%
NECBStephon GilmoreAFC
64%
NODECameron JordanNFC
62%
SFFBKyle JuszczykNFC
62%
DENOLBVon MillerAFC
62%
SEAILBBobby WagnerNFC
61%
GBCBJaire AlexanderNFC
60%
PITFSMinkah FitzpatrickAFC
60%
INDOGQuenton NelsonAFC
60%
LARTETyler HigbeeNFC
59%
NOCBMarshon LattimoreNFC
57%
PHIDTFletcher CoxNFC
56%
CLECBDenzel WardAFC
55%
BALCBMarlon HumphreyAFC
55%
INDDTDeForest BucknerAFC
54%
KCSSTyrann MathieuAFC
54%
PITDTCameron HeywardAFC
52%
PHICBDarius SlayNFC
52%
LACSSDerwin JamesAFC
52%
MINDEDanielle HunterNFC
51%
BALFBPatrick RicardAFC
51%
BALCBMarcus PetersAFC
50%
BALDECalais CampbellAFC
49%
DENFSJustin SimmonsAFC
49%
TBILBLavonte DavidNFC
47%
DALOGZack MartinNFC
47%
INDILBDarius LeonardAFC
46%
CINDTGeno AtkinsAFC
44%
HOUOTLaremy TunsilAFC
44%
SFDEArik ArmsteadNFC
42%
NOOTTerron ArmsteadNFC
42%
TBOLBShaquil BarrettNFC
41%
GBOTDavid BakhtiariNFC
40%
MINILBEric KendricksNFC
40%
ATLDTGrady JarrettNFC
40%
GBDTKenny ClarkNFC
40%
NOKWil LutzNFC
40%
BALOTRonnie StanleyAFC
39%
CHICBKyle FullerNFC
38%
LVCRodney HudsonAFC
36%
SEACBShaquill GriffinNFC
34%
MINFSAnthony HarrisNFC
33%
NOSTDeonte HarrisNFC
33%
KCOTMitchell SchwartzAFC
33%
PITILBDevin BushAFC
32%
TENOLBJadeveon ClowneyAFC
32%
KCSTMecole HardmanAFC
32%
LACOLBMelvin IngramAFC
32%
PITOGDavid DeCastroAFC
31%
CHISTCordarrelle PattersonNFC
30%
PHIOGBrandon BrooksNFC
27%
NOOTRyan RamczykNFC
27%
WASOGBrandon ScherffNFC
26%
CLEOGJoel BitonioAFC
26%
NEOGJoe ThuneyAFC
26%
INDCRyan KellyAFC
26%
WASPTress WayNFC
25%
NESTMatthew SlaterAFC
22%
TENPBrett KernAFC
18%
NYGOGKevin ZeitlerNFC
15%
INDOTAnthony CastonzoAFC
13%
LVILBCory LittletonAFC
11%

Score Distribution

Percentile by Number Answered

Percent of People with Each Score

Your Score History

You have not taken this quiz since the last reset